| 000 | 01003nac a22003257a 4500 | ||
|---|---|---|---|
| 001 | BR0700507 | ||
| 003 | BR-BrBNA | ||
| 005 | 20240105123348.0 | ||
| 008 | 230509b bl.|||m| |||| 00| 0 por d | ||
| 040 |
_aBR-BrBNA _bpor _cBiblioteca Nacional de Agricultura |
||
| 072 | _aE20 | ||
| 090 | _a5213 BR0700507 | ||
| 100 | 1 | _aCosta, F.P. | |
| 100 | 1 | _aCorrêa, E.S. | |
| 100 | 1 | _aFeijó, G.L.D. | |
| 110 | 1 | _aEMBRAPA Gado de Corte, Campo Grande, MS (Brasil) | |
| 245 | 1 | _aGerenpec: aplicativo para planejamento da fazenda de gado de corte | |
| 260 | 3 |
_aCampo Grande, MS (Brasil): _c2004. |
|
| 300 | _a33 p. | ||
| 490 |
_aDocumentos - EMBRAPA Gado de Corte (Brazil) _vno. 143 _xISSN 1517-3747 |
||
| 500 | _aSummaries (En, Pt); 5 illus. | ||
| 650 | _aGADO DE CORTE | ||
| 650 | _aPLANEJAMENTO RURAL | ||
| 650 | _aFAZENDA | ||
| 650 | _aECONOMIA | ||
| 650 | _aCADASTRO RURAL | ||
| 650 | _aPROGRAMA DE COMPUTADOR | ||
| 909 |
_a202312 _bLúcia Elande _c55 _dLúcia Elande |
||
| 942 |
_2AGRIS _n0 _cMS |
||
| 999 |
_c295121 _d295121 |
||